00989nam a2200277Ia 4500003000400000005001700004008004100021020001500062040001800077041000800095082001800103100003300121245010700154250001200261260004800273300002700321650003500348650002700383650004000410650002800450700003100478700002800509942002500537999001900562952013000581OSt20240926114142.0210716s2004 xx 000 0 und d a9812530428 cAIMIT LIBRARY aeng a005.73 2GOOM aGoodrich, Michael T.9179793 aData structures and algorithms in c++ /cBy Michael T. Goodrich ; Roberto Tamassia and David M. Mount. a1st ed. aNew Delhi :bJohn wiley & sons Ltd ,c2004. axv,683 p.;bPBc25 cm. aObject oriented design9179794 aAnalysis tools9179795 aStacks queues and recursion9179796 aPriority queues9179797 aTamassia, Roberto.9179798 aMount, David M.9179799 2ddccBKk005.73 GOOM c186774d186774 001040708MCAaAIMITbAIMITeL B Publishers and Distributorsl0o005.73 GOOMpMCA06282r2025-07-21 00:00:00w2021-07-16yBK